000 01806nam a22004337a 4500
003 OSt
005 20230628090544.0
008 221006b |||||||| |||| 00| 0 eng d
020 _a978 612 47155 0 1
040 _cBiblioteca Lado V
082 _a701.18
_bB621b
130 _aBISAGRA
_lspa
245 _aBisagra/
260 _aPeru
_c2016
_bAsociación Cultural Bisagra
300 _c19.5x27cm
_a114p.
366 _espa
490 _a001
_v2016
505 _t¿Qué hacemos cuando pensamos algo? Consideraciones metodológicas sobre el ejercicio del pensamiento
505 _tApuntes sobre formas, sujetos y canales de debate sobre el arte contemporáneo: el caso de la II Bienal de Fotografía de Lima
505 _tLa pluralidad de lo fotográfico
505 _tEl universo amazónico de Christian Bendayán
505 _tSobre Fila India, entrevista a Christian Bendayán
505 _tIMAGENES
505 _tSonidero city llega a Lima
505 _tLos Zapatos de la otra
505 _tBataclana se extirpa tetas en danza del vientre
505 _tReflexiones con el vientre
505 _tSobre Bomba y la Bataclana en la danza del vientre
505 _tRadiografías de la contradicción: la Carpeta Negra del Taller NN (LIMA, PERÚ 1988)
505 _tLo que conversamos después de la Oficina e Conversación
505 _tBIOGRAFIAS DE LOS AUTORES
650 _2Tesauro de Arte & Arquitectura
_aARTE VISUAL
_9703
650 _2Tesauro de Arte & Arquitectura
_aARTE CONTEMPORANEO
_9702
650 _2Tesauro de Arte & Arquitectura
_aCRITICA
_9702
650 _2Tesauro de Arte & Arquitectura
_aANALISIS
651 _2 Tesauro de Arte & Arquitectura
_aPERÚ
700 _aNavarreta, Jose Antonio
_eeditor
942 _2ddc
_c1
_h701.18
_iB621b
_n0
999 _c3942
_d3942